<A> content analysis of contribution to the Management International Review journal.

Historická analýza príspevkov z výskumu vedeckých pracovníkov a z univerzít za obdobie 1976-1990 do časopisu MIR. Univerzity USA, ktoré boli hlavnými prispievateľmi. Zhodnotenie vedeckej tvorby prezentovanej v celkovom objeme publikovaných výsledkov predstavuje objektívnu mieru produktivity výskumu....

Descripción completa

Guardado en:
Detalles Bibliográficos
Autor principal: Chandy, P.R
Otros Autores: Gopalakrishna, P.
Formato: Capítulo de libro
Lenguaje:inglés
Materias:
Etiquetas: Agregar Etiqueta
Sin Etiquetas, Sea el primero en etiquetar este registro!

MARC

LEADER 00000naa a2200000 4500
001 r013825
005 20221130111907.4
041 0 |a eng 
044 |a DE 
245 1 0 |a <A> content analysis of contribution to the Management International Review journal.  |c P.R. Chandy, P. Gopalakrishna 
520 |a Historická analýza príspevkov z výskumu vedeckých pracovníkov a z univerzít za obdobie 1976-1990 do časopisu MIR. Univerzity USA, ktoré boli hlavnými prispievateľmi. Zhodnotenie vedeckej tvorby prezentovanej v celkovom objeme publikovaných výsledkov predstavuje objektívnu mieru produktivity výskumu. Použitá metodika a rozbor. 
610 2 0 |a časopisy 
610 2 0 |a Management International Review 
610 2 0 |a práca vedecká 
610 2 0 |a 1976-1990 
610 2 0 |a analýza obsahová 
100 1 |a Chandy, P.R. 
700 1 |a Gopalakrishna, P.